Hospodářské styky mezi socialistickými a kapitalistickými zeměmi Evropy

Enregistré dans:
Détails bibliographiques
Auteur principal: Nykryn, Jaroslav
Format: Livre
Langue:tchèque
Publié: Praha Academia 1981
Tags: Ajouter un tag
Pas de tags, Soyez le premier à ajouter un tag!

MARC

LEADER 00000nam a2200000 4500
001 c129630
005 20041019155246.9
041 0 |a cze 
044 |a CZ 
245 1 0 |a Hospodářské styky mezi socialistickými a kapitalistickými zeměmi Evropy  |c Jaroslav Nykryn 
264 1 |a Praha  |b Academia  |c 1981 
300 |a 170 s. 
100 1 |a Nykryn, Jaroslav